Регионална библиотека "Любен Каравелов" - Русе

Събрани съчинения (Запис номер 136818)

MARC детайли
000 -Лидер
Контролно поле с фиксирана дължина 02717nam a2200397 c 4500
003 - Код на организацията, давaща контролен номер
Контролно поле BLK
005 - Дата и час на последна редакция
Контролно поле 20250110171821.0
008 - Елементи от данни с фиксирана дължина
fixed length control field 180409b bul|||||r ||||||| ||bul||
010 ## - Наследен системен номер
LC control number KNG00142775000
040 ## - Източник на каталожния запис
Идентификатор на билиотеката - собственик на записа BLK
041 ## - Код за език
Код за езика на текст/звукозапис или на отделно заглавие Български
Код за езика КДБФ Български
080 ## - УДК
Текстов определител УДК Българска литература
УДК код - определител по УДК 821.163.2
УДК определител (081.1)
УДК - код + определител 821.163.2(081.1)
080 ## - УДК
Текстов определител УДК Българска литература
УДК код - определител по УДК 821.163.2
УДК определител -93-1
УДК - код + определител 821.163.2-93-1
100 1# - Редна дума - Автор
Автор Разцветников, Асен
Дати, свързани с автора 1897 - 1951
Пълна форма на името Коларов, Асен Петков
Авторска отговорност първи автор
Автор - информация (биография) Коларов, Асен Петков
R(LIN) 114515
139 ## - Редно поле
Редна дума Разцветников, Асен
Авторски знак Разц - Р 26
245 10 - Сведения за заглавието
Заглавие Събрани съчинения
Подзаглавни данни В 4 т.
Редно поле (дума) Асен Разцветников; ред. кол. Камен Зидаров; предг. от на том Петър Николов Динеков; под ред. на на том Камен Зидаров; * Михаил Неделчев; * Николай Янков; * Петър Иванов Велчев; * Асен Петков Коларов.
Том Т. 1
Заглавие на том Лирика
257 ## - Страна на издаване
Страна на създаване/издаване България
260 ## - Област на издателските данни
-- София
Име на издателя, разпространителя и проч. Бълг. писател
Година на издаване 1981-
Печатница В. Търново : Д. Найденов
300 ## - Физическа характеристика
Размери/Мащаб 21 см
380 ## - Жанр
Жанр Худож. лит.
500 ## - Общи забележки
Забележка Други ред.: М. Неделчев, Н. Янков, П. Велчев. - Асен Разцветников е псевд. на Асен Петков Коларов. - 30 113 тир.
700 ## - Други автори (авторска отговорност)
Лично име Зидаров, Камен
Друга информация Манев, Тодор Събев
Звания и думи, свързани с автора Писател, поет, драматург, дир. на Военния театър в София, автор на учебни помагала, прев. от руски език
Дати, свързани с автора 1902-1987
9 (RLIN) 373166
700 1# - Други автори (авторска отговорност)
Лично име Динеков, Петър Николов
Автороска отговорност (Описва отношението между автора и произведението) предг. от на том
9 (RLIN) 363799
700 ## - Други автори (авторска отговорност)
Лично име Зидаров, Камен
Друга информация Манев, Тодор Събев
Звания и думи, свързани с автора Писател, поет, драматург, дир. на Военния театър в София, автор на учебни помагала, прев. от руски език
Дати, свързани с автора 1902-1987
9 (RLIN) 373166
700 1# - Други автори (авторска отговорност)
Лично име Неделчев, Михаил
Автороска отговорност (Описва отношението между автора и произведението) *
9 (RLIN) 366196
700 1# - Други автори (авторска отговорност)
Лично име Янков, Николай
Автороска отговорност (Описва отношението между автора и произведението) *
9 (RLIN) 364665
700 1# - Други автори (авторска отговорност)
Лично име Велчев, Петър Иванов
Автороска отговорност (Описва отношението между автора и произведението) *
9 (RLIN) 378964
700 1# - Други автори (авторска отговорност)
Лично име Коларов, Асен Петков
Автороска отговорност (Описва отношението между автора и произведението) *
9 (RLIN) 366358
760 1# - Описание на основната серия
Редна дума на основното описание Разцветников, Асен
Място на издаване, издател и година 1981
Страници - том 436 с. : 5 л. портр., факс.
Заглавие Т. 1 Лирика
852 ## - Местоположение
Форматна сигнатура Цб 112002
856 4# - Електронен адрес и достъп
Електронен формат pdf - файл
Път до файла /url/
856 4# - Електронен адрес и достъп
Електронен формат pdf - файл
Път до файла /url/
942 ## - АРТИКУЛИ
Вид на библиотечния материал Книги
Скрит в OPAC Не
Koha issues (borrowed), all copies 4
944 ## - СЪЗДАВАНЕ И РЕДАКЦИЯ на ЗАПИСА
Създаване/Редакция Създаване
Дата на регистрацията/редакция 16.05.2013
Статус, дата на статуса Цветомила Тодорова
Служител, извършил регистрацията/редакцията 30576
944 ## - СЪЗДАВАНЕ И РЕДАКЦИЯ на ЗАПИСА
Създаване/Редакция Редакция
Дата на регистрацията/редакция 16.05.2013
Статус, дата на статуса 16.05.2013 - от С1,Р / 16.05.2013
Служител, извършил регистрацията/редакцията
999 ## - СИСТЕМНИ КОНТРОЛНИ НОМЕРА
Koha biblionumber 136818
Koha biblioitemnumber 136818
Наличности
Код за отписване Код за изгубен артикул Източник на класификационната схема Код за повреда Коз за рестрикции Код за отдаване Артикулен № Име на библиотеката - собственик Име на библиотеката, в която се намира в момента Статус (Текущо местоположение) Дата на вписване в системата Местоположение - отдел Цена в лева Инвентарен номер Систематично азбучна сигнатура Баркод Номер на екземпляра Цена в евро Служебна бележка Служебен тип на артикула Бележка за публиката
  Не е изгубен Universal Decimal Classification Не е повреден без рестрикции ползва се в читалня 223773 Регионална библиотека "Любен Каравелов" Русе Регионална библиотека "Любен Каравелов" Русе Хранилище 1981-01-01 Хранилище 2.78 339882 Цб 112002 120000339882 1 1.42 Дост: Dp Вид: Д N: стар фонд Дата: 01.01.1981 Книги  
Изтеглен Не е изгубен Universal Decimal Classification Не е повреден без рестрикции заемане за дома 223774 Регионална библиотека "Любен Каравелов" Русе Регионална библиотека "Любен Каравелов" Русе Заемна - подръчен фонд 1981-01-01 Заемна - подръчен фонд 2.78 338834 П 886.7(081)/Р 26 338834 2 1.42 Дост: Pk Вид: Ф N: стар фонд Дата: 01.01.1981 Дата инв: 19.02.2018 Бележки инв: П2018 Книги  
  Не е изгубен Universal Decimal Classification Не е повреден без рестрикции заемане за дома 223775 Регионална библиотека "Любен Каравелов" Русе Регионална библиотека "Любен Каравелов" Русе Заемна - подръчен фонд 1981-01-01 Заемна - подръчен фонд 2.78 338836 П 886.7(081)/Р 26 120000338836 3 1.42 Дост: Pk Вид: Ф N: стар фонд Дата: 01.01.1981 Дата инв: 14.03.2018 Бележки инв: П2018 Книги  
Изтеглен Не е изгубен   Не е повреден без рестрикции заемане за дома 223776 Регионална библиотека "Любен Каравелов" Русе Регионална библиотека "Любен Каравелов" Русе   1981-01-01 Заемна - подръчен фонд 2.78 338837 П 886.7(081)/Р 26 338837 4 1.42 Дост: Pk Вид: Ф N: стар фонд Дата: 01.01.1981 Книги Отч.N: 3 , Дата: 17.01.2018
Vip Innovations Ltd, Rousse, Bulgaria 2025